00602nam a2200181Ia 4500952013100000999001700131003000400148005001700152008004100169020001800210040000900228082002200237100001500259245003000274260005800304300000800362942005000370 00102ddc40708SSaMESbMEScMALd2019-02-20g35.00l0o894.812301 RAV/Hp31634r2019-02-20 00:00:00w2019-02-20yBKzGR31R1 c28964d28964OSt20210106104712.0190216s9999||||xx |||||||||||||| ||und|| a9788182642591 coclc a894.812301bRAV/H aRavi98190 0aHimsayalla Thettu /cRavi bMathrubhumi Printing & Publishing,aKozhikode:c2006. a66p cBK2ddch894.812301iRAV/Hk894.812301mRAV/H